Zambia : Technical Assistance Report-Report on Government Finance Statistics.

In response to a request from the authorities and as part of the United Kingdom's Department for International Development (DFID) Enhanced Data Dissemination Initiative (EDDI) 2 project, a Government Finance Statistics (GFS) mission visited Lusaka, Zambia, during November 19-30, 2018. This was...

Celý popis

Podrobná bibliografie
Korporativní autor: International Monetary Fund. Statistics Dept
Médium: Časopis
Jazyk:English
Vydáno: Washington, D.C. : International Monetary Fund, 2020.
Edice:IMF Staff Country Reports; Country Report ; No. 2020/220
On-line přístup:Full text available on IMF
LEADER 01766cas a2200241 a 4500
001 AALejournalIMF021106
008 230101c9999 xx r poo 0 0eng d
020 |c 5.00 USD 
020 |z 9781513550640 
022 |a 1934-7685 
040 |a BD-DhAAL  |c BD-DhAAL 
110 2 |a International Monetary Fund.  |b Statistics Dept. 
245 1 0 |a Zambia :   |b Technical Assistance Report-Report on Government Finance Statistics. 
264 1 |a Washington, D.C. :  |b International Monetary Fund,  |c 2020. 
300 |a 1 online resource (44 pages) 
490 1 |a IMF Staff Country Reports 
500 |a <strong>Off-Campus Access:</strong> No User ID or Password Required 
500 |a <strong>On-Campus Access:</strong> No User ID or Password Required 
506 |a Electronic access restricted to authorized BRAC University faculty, staff and students 
520 3 |a In response to a request from the authorities and as part of the United Kingdom's Department for International Development (DFID) Enhanced Data Dissemination Initiative (EDDI) 2 project, a Government Finance Statistics (GFS) mission visited Lusaka, Zambia, during November 19-30, 2018. This was the third mission to Zambia under the DFID EDDI2 project, following the March 2016 and November 2017 missions. The mission worked essentially with staff at the Zambia Central Statistical Office (CSO) Public Finance Unit (PFU), but also had meetings with staff from the Ministry of Finance's Accountant General, Budget, Investment and Debt Management, and Economic Management departments. 
538 |a Mode of access: Internet 
830 0 |a IMF Staff Country Reports; Country Report ;  |v No. 2020/220 
856 4 0 |z Full text available on IMF  |u http://elibrary.imf.org/view/journals/002/2020/220/002.2020.issue-220-en.xml  |z IMF e-Library